000 00708nam a2200193 a 4500
005 20140412111348.0
008 050422s19uu xx 00 eng d
020 _a971-518-011-6
050 _aFil 398.2
_bV71 2002
100 _aVillanueva, Rene O.
245 _aMga anak ng araw bakit iba-iba ang kulay ng mga lahi :
_bChildren of the sun why different races have different colord /
_cstory by Rene O. Villanueva ; illustrated by Ruben De Jesus.
250 _aInternational Edition
260 _aManila, Philippines :
_bLampara Publishing House,
_c2002.
300 _a1 v. (unp.) ; ill.
650 _aFolklore, Philippines
650 _aRaces
_xFiction
650 _aChildren stories
999 _c105251
_d105251